000 01073cpcaa2200241 4500
001 mm 81014183
003 DLC
005 20260227111707.0
008 810401|||||||||||| eng
010 _amm 81014183
040 _aDLC
_edacs
_cDLC
_dDLC
072 7 _aC
_2lcmd
100 1 _aBruce, Alexander,
_dactive 1776-1795.
245 0 0 _aAn enquiry into the principal causes of the wide destruction of mankind in time of war & of the slow ineffectual progress and permanancy of military and naval operations in general :
_kpapers,
_f1776-1795.
300 _a1
_fitem.
300 _a1
_fcontainer.
506 0 _aOpen to research.
520 8 _aVolume written in the hand of a secretary with marginal notations by Bruce and contemporary copies of letters (1776-1781). First edition was published anonymously at Edinburgh in 1795.
546 _aCollection material in English.
650 0 _aMilitary history.
999 _c43065
_d43065